000 00999nmc a2200361 a 4500
003 AR-BaBNM
005 20251128203934.0
008 155019s1988 ||||||||||||||000 | spa||
020 _a84-7046-172-9
040 _cAR-BaBNM
100 1 _aDíaz Viana, Luis
245 1 0 _aDel Medioevo al Renacimiento
_bpoesía y prosa del s. XV
250 _a4ª ed.
260 _aBogotá
_bCincel-Kapelusz
_c1988
300 0 _a94 p.
490 0 _aCuadernos de estudio. Literatura
500 0 _aContiene índice de las materias
504 _aBibliografía
600 1 4 _aSantillana, Iñigo López de Mendoza
_d1398-1458
600 1 4 _aManrique, Jorge
650 4 _aPROSA
650 4 _aLITERATURA ESPANOLA
650 4 _aSATIRA
650 4 _aCULTURA
650 4 _aHUMANIDADES
653 _aLIBROS DE CABALLERIA
653 _aNOVELA SENTIMENTAL
655 _aLITERATURA
800 1 _aMarín, Marcos F.
_ecoordinador
800 1 _aBasanta, Angel
_ecoordinador
942 _cBK
998 _cCarmen
999 _c5542
_d5542